00197nam a22000857a 4500100002200000245003500022260002600057300000700083650002100090 aKumaratunga,P.S.M aUse of Pesticides in Sri Lanka aColombobIchemcc2012 a25 aPesticidesa2012